L'Expulsió dels moriscos : conseqüències en el món islàmic i el món cristià : Sant Carles de la Ràpita, 5-9 de desembre de 1990 conseqüències en el món islàmic i el món cristià :
Descripción Física:
418 p. : il. ; 30 cm
MARC
| LEADER | 00000nam a2200000Ia 4500 | ||
|---|---|---|---|
| 001 | 10627 | ||
| 008 | 160829s1994 xx 000 0 cat d | ||
| 080 | |a H-1-243 | ||
| 245 | |a L'Expulsió dels moriscos : |b conseqüències en el món islàmic i el món cristià : |b Sant Carles de la Ràpita, 5-9 de desembre de 1990 | ||
| 260 | |a Barcelona : |b Generalitat de Catalunya, Departament de Cultura, |c 1994 | ||
| 300 | |a 418 p. : |b il. ; |c 30 cm | ||
| 590 | |a Abans del títol: 380è aniversari de l'expulsió dels moriscos. Congrés internacional. | ||
| 650 | |a Moriscs |x Espanya |x Història |x Congressos |9 31546 | ||
| 651 | 0 | |a Espanya |x Història |y 1556-1598, Felip II |9 55574 | |
| 710 | 2 | |a Catalunya. |b Departament de Cultura |9 52819 | |
| 901 | |a Arxiu | ||
| 942 | |n 1 | ||
| 952 | |0 0 |1 0 |4 0 |6 H1243 |7 1 |9 45663 |a Arxiu |b Arxiu |d 2016-12-01 |l 0 |o H-1-243 |p 10627 |r 2016-12-01 00:00:00 |w 2016-12-01 |y ARXIU | ||
| 999 | |c 49163 |d 49163 | ||